Visualizzazione normale
Vista MARC
- Cherubini Bixio
di Personal Name
Records bibliografici associati: 1
001 - CONTROL NUMBER
- control field: 18929
003 - CONTROL NUMBER IDENTIFIER
- control field: IT-RoPau
005 - DATE AND TIME OF LATEST TRANSACTION
- control field: 20140406154806.0
008 - FIXED-LENGTH DATA ELEMENTS
- fixed length control field: 140406|| aca||aabn | a|a d
040 ## - CATALOGING SOURCE
- Original cataloging agency: IT-RoPau
- Transcribing agency: IT-RoPau
100 ## - HEADING--PERSONAL NAME
- Personal name: Cherubini Bixio
- Dates associated with a name: Codice autore testo/musica SPICS: 13442
- Relator term: Autore testo/musica
- Name of part/section of a work: Lucciole vagabonde - La canzone dell'amore
670 ## - SOURCE DATA FOUND
- Source citation: Work cat.: (IT-RoPau)99691: AA.VV. 794, Motivi dell'allegria (I) vol. 4